| 000 | 00999nam a2200265 i 4500 | ||
|---|---|---|---|
| 003 | DO-SdBNP | ||
| 005 | 20240116140725.0 | ||
| 007 | ta | ||
| 008 | 240116b1941 dr ||||| |||| 00| 0 spa d | ||
| 040 |
_aDO-SdBNP _bspa _cBNPHU _erda |
||
| 082 | 4 | _222 | |
| 110 | 2 |
_aUniversidad de Santo Domingo _bFacultad de Derecho _984773 |
|
| 245 | 1 | 0 |
_aConflictos de la ley que confiere la plena capacidad civil a la mujer dominicana, con el regimen de la comunidad legal : _btesis para el doctorado / _cMiguel Ventura Hylton |
| 264 |
_aCiudad Trujillo, República Dominicana : _bCosmopolita, _c1941. |
||
| 300 |
_a56 páginas ; _c23 cm. |
||
| 336 |
_2rdacontent _atexto _btxt |
||
| 337 |
_2rdamedia _asin mediación _bn |
||
| 338 |
_2rdacarrier _avolumen _bnc |
||
| 500 | _aTesis | ||
| 500 | _aFormación y administración de la comunidady administración de los bienes personales de la mujer | ||
| 505 | _aBibliografía : p.53 | ||
| 590 | _aInventariado, 2024/BT | ||
| 910 | _aBtavárez | ||
| 942 |
_2ddc _cLBS1 |
||
| 999 |
_c55695 _d55695 |
||